00906cam a22002531 4500001001300000003000400013005001700017008004100034010001700075035001900092040002400111042001200135050002300147110002800170245016300198260002100361300005100382500006200433650004000495650004100535700003000576710002900606999001700635gs 49000047 DLC20260227111354.0761116s1948 txu 000 0 eng  ags 49000047  a(OCoLC)2560851 aDLCcTxdOCoLCdDLC apremarc00aGB1025.T4bA5 19482 aTexas Water Commission.10aGround-water resources of Wharton County, Texas,cby Jack R. Barnes. Prepared in cooperation with the United States Dept. of the Interior, Geological Survey. a[Austin?]c1948. a80 l.b2 fold. plates, 2 maps (1fold.)c27 cm. aU.S. Geological Survey. Library for Library of Congress. 0aGroundwaterzTexaszWharton County. 0aWater-supplyzTexaszWharton County.1 aBarnes, Jack Rich,d1921-2 aGeological Survey (U.S.) c28335d28335